Les 10 joueurs les plus décisifs en Liga 2022/23. - Statistiques

Statistiques générales
  • Ce quiz a été pris 114 fois
  • Le résultat moyen est 6 sur 10
Statistiques - réponses
G+A Joueurs Clubs % Correct
31 Antoine Griezmann Atletico
100%
19 Vinicius Real
98%
22 Karim Benzema Real
96%
30 Robert Lewandowski Barca
95%
17 Rodrygo Real
81%
18 Joselu Espanyol
57%
18 Borja Iglesias Betis
41%
17 Enes Unal Getafe
23%
16 Nicolas Jackson Villarreal
23%
18 Vedat Muriqi Majorque
23%
Aucun quiz correspondant
Distribution des résultats
% des personnes avec chaque résultat
Percentile par nombre de réponses
Votre historique - résultats
Vous n’avez pas pris ce quiz